[Event "4NCL Division 2b"]
[Site "Telford, ENG"]
[Date "2019.03.16"]
[Round "7.85"]
[White "Cumbers, Paul"]
[Black "Blake, J Morgan"]
[Result "0-1"]
[WhiteElo "2131"]
[BlackElo "2162"]
[PlyCount "106"]
[EventDate "2019.03.16"]
[WhiteTeam "Grantham Sharks 2"]
[BlackTeam "Sussex Martlets 1"]

1. e4 e6 2. d4 d5 3. e5 c5 4. c3 Nc6 5. Nf3 Bd7 6. Be2 f6 7. O-O fxe5 8. Nxe5
Nxe5 9. dxe5 Qc7 10. c4 d4 11. Bf4 O-O-O 12. Nd2 Bc6 13. Bd3 h6 14. Ne4 Bxe4
15. Bxe4 g5 16. Bg3 h5 17. h3 Bg7 18. Re1 g4 19. h4 Ne7 20. Bf4 Rdf8 21. g3
Rxf4 22. gxf4 Rf8 23. b4 Rxf4 24. Qa4 Nc6 25. Bxc6 Qxc6 26. Qxc6+ bxc6 27. bxc5
d3 28. Rad1 Rd4 29. Re3 d2 30. Kf1 Bh6 31. Ke2 Rxc4 32. Rxd2 Rxc5 33. Re4 Bxd2
34. Kxd2 Kd7 35. Ke3 Rc3+ 36. Kf4 Rf3+ 37. Kg5 Rf5+ 38. Kg6 a5 39. Re3 Kc7 40.
Re4 c5 41. a4 Kc6 42. Re2 c4 43. Rb2 Rxe5 44. Kf6 Rc5 45. Kxe6 c3 46. Rc2 Rc4
47. Kf5 Kc5 48. Kg5 Kb4 49. Kxh5 Kxa4 50. Rxc3 Rxc3 51. Kxg4 Kb4 52. h5 a4 53.
h6 a3 0-1

[Event "4NCL Division 2b"]
[Site "Telford, ENG"]
[Date "2019.03.16"]
[Round "7.86"]
[White "Graham, David B"]
[Black "Lentzos, Ioanis"]
[Result "1-0"]
[WhiteElo "2149"]
[BlackElo "2110"]
[PlyCount "79"]
[EventDate "2019.03.16"]
[WhiteTeam "Sussex Martlets 1"]
[BlackTeam "Grantham Sharks 2"]

1. e4 c6 2. d4 d5 3. e5 Bf5 4. Nf3 e6 5. Be2 c5 6. O-O Nc6 7. Be3 cxd4 8. Nxd4
Nxd4 9. Bxd4 Ne7 10. Nd2 Nc6 11. Nb3 Be7 12. a4 O-O 13. c3 Bg6 14. a5 f6 15.
exf6 gxf6 16. f4 e5 17. Be3 Bf7 18. fxe5 fxe5 19. Bh6 Qd6 20. Bxf8 Bxf8 21. Bh5
Be6 22. Qf3 e4 23. Bf7+ Bxf7 24. Qxf7+ Kh8 25. Rad1 Rd8 26. Rf6 Qe7 27. Qxe7
Bxe7 28. Rf5 e3 29. Kf1 Rd6 30. Rdxd5 Rh6 31. h3 Bh4 32. Rh5 Rf6+ 33. Rdf5 Kg7
34. Rxf6 Bxf6 35. Ke2 Ne5 36. Rxe5 Bxe5 37. Kxe3 Bc7 38. Nc5 Bxa5 39. Nxb7 Kf6
40. Nxa5 1-0

[Event "4NCL Division 2b"]
[Site "Telford, ENG"]
[Date "2019.03.16"]
[Round "7.87"]
[White "Milson, Samuel A"]
[Black "Willson, Ollie"]
[Result "1/2-1/2"]
[WhiteElo "2096"]
[BlackElo "2155"]
[PlyCount "123"]
[EventDate "2019.03.16"]
[WhiteTeam "Grantham Sharks 2"]
[BlackTeam "Sussex Martlets 1"]

1. e4 c5 2. Nf3 e6 3. d4 cxd4 4. Nxd4 Nc6 5. Nc3 Qc7 6. a3 a6 7. Be3 Nf6 8. Be2
Be7 9. O-O O-O 10. Kh1 d6 11. f4 Bd7 12. Qe1 Nxd4 13. Bxd4 e5 14. Be3 Bc6 15.
Bf3 Rfe8 16. f5 b5 17. g4 Qb7 18. Bg5 h6 19. Bxf6 Bxf6 20. h4 Qe7 21. g5 hxg5
22. h5 Rac8 23. Rd1 Bb7 24. Rf2 g4 25. Bxg4 Bh4 26. f6 Bxf2 27. Qxf2 Qxf6 28.
Qxf6 gxf6 29. Bxc8 Rxc8 30. Kg1 Rd8 31. Kf2 Kg7 32. Ke3 f5 33. exf5 d5 34. Ne2
d4+ 35. Kf2 Kf6 36. Ng3 Rc8 37. Rd2 Rc4 38. Re2 Kg5 39. Ke1 Kf4 40. Nf1 Kxf5
41. Rf2+ Ke6 42. Ng3 Rc8 43. Kd2 Rg8 44. Ne2 f5 45. Rh2 f4 46. h6 Kf6 47. h7
Rh8 48. Rh6+ Kg5 49. Re6 f3 50. Re7 f2 51. Ng3 Bf3 52. c3 Kh4 53. Nf1 Kh3 54.
Rg7 Bg4 55. cxd4 exd4 56. Kd3 Bf5+ 57. Kxd4 Rxh7 58. Rg3+ Kh4 59. Rg2 Rd7+ 60.
Ke3 Re7+ 61. Kxf2 Bh3 62. Rg1 1/2-1/2

[Event "4NCL Division 2b"]
[Site "Telford, ENG"]
[Date "2019.03.16"]
[Round "7.88"]
[White "Graham, Cassie M"]
[Black "Varnam, Liam D"]
[Result "0-1"]
[WhiteElo "2057"]
[BlackElo "2108"]
[PlyCount "70"]
[EventDate "2019.03.16"]
[WhiteTeam "Sussex Martlets 1"]
[BlackTeam "Grantham Sharks 2"]

1. e4 c5 2. Nc3 Nc6 3. f4 e6 4. Nf3 d5 5. Bb5 Nge7 6. d3 d4 7. Bxc6+ Nxc6 8.
Ne2 f5 9. Ng3 Be7 10. O-O O-O 11. Bd2 a5 12. a4 b6 13. Qe2 Qc7 14. Rf2 Bd6 15.
e5 Be7 16. Rc1 Ba6 17. Ne1 b5 18. axb5 Bxb5 19. Qh5 c4 20. dxc4 Bxc4 21. b3 Bd5
22. Nd3 a4 23. bxa4 Rxa4 24. c3 Qa7 25. Qd1 Be4 26. cxd4 Qxd4 27. Nxe4 fxe4 28.
Rxc6 exd3 29. Bc3 Qe4 30. Rc7 Bd8 31. Rd7 Bb6 32. Rxd3 Bxf2+ 33. Kxf2 Ra2+ 34.
Rd2 Qxf4+ 35. Ke2 Qe4# 0-1

[Event "4NCL Division 2c"]
[Site "Telford, ENG"]
[Date "2019.05.05"]
[Round "10.11"]
[White "Carleton, John J"]
[Black "Bisby, Daniel L"]
[Result "1/2-1/2"]
[WhiteElo "2265"]
[BlackElo "2342"]
[PlyCount "91"]
[EventDate "2019.05.05"]
[WhiteTeam "Spirit of Atticus A"]
[BlackTeam "Cambridge University 1"]

1. d4 Nf6 2. c4 g6 3. Nc3 Bg7 4. Nf3 O-O 5. e3 c5 6. d5 d6 7. Be2 e5 8. O-O Ne8
9. Bd2 f5 10. a3 Nd7 11. b4 e4 12. Ne1 Ne5 13. f4 exf3 14. gxf3 Bd7 15. Ng2 b6
16. Rc1 Bh6 17. Qe1 Rc8 18. b5 Qe7 19. a4 Ng7 20. a5 Nh5 21. Nf4 Rce8 22. Ne6
Bxe6 23. dxe6 Qxe6 24. Nd5 f4 25. e4 Qh3 26. Rf2 Nf6 27. Qf1 Qh4 28. Nxf6+ Qxf6
29. Ra1 Bg7 30. Bc3 Qg5+ 31. Rg2 Qe7 32. axb6 axb6 33. Ra6 Nd7 34. Bxg7 Qxg7
35. Bd1 Qd4+ 36. Kh1 Ne5 37. Rga2 Kh8 38. Be2 Rb8 39. Ra7 Rf7 40. Qh3 Rbf8 41.
Rxf7 Nxf7 42. Kg2 Qf6 43. Ra7 Kg8 44. Kf1 Ng5 45. Qd7 Nf7 46. Qb7 1/2-1/2

[Event "4NCL Division 2c"]
[Site "Telford, ENG"]
[Date "2019.05.05"]
[Round "10.12"]
[White "McClement, Andrew"]
[Black "Mitchell, Martin"]
[Result "1/2-1/2"]
[WhiteElo "2241"]
[BlackElo "2227"]
[PlyCount "80"]
[EventDate "2019.05.05"]
[WhiteTeam "Cambridge University 1"]
[BlackTeam "Spirit of Atticus A"]

1. Nf3 Nf6 2. c4 e6 3. g3 d5 4. d4 Be7 5. Bg2 O-O 6. O-O dxc4 7. Qa4 a6 8. Qxc4
b5 9. Qc2 Bb7 10. Bf4 Nd5 11. Nc3 Nxf4 12. gxf4 Qc8 13. Ne4 f5 14. Nc5 Bxc5 15.
Qxc5 Nd7 16. Qa3 c5 17. Rfc1 c4 18. b3 Bd5 19. bxc4 bxc4 20. Rab1 Qc7 21. Ne5
Nxe5 22. Bxd5 exd5 23. fxe5 Qc6 24. Qe7 Rf7 25. Qg5 h6 26. Qh5 Raf8 27. Kh1 Rb7
28. Rxb7 Qxb7 29. Rg1 Qb6 30. e3 c3 31. Qg6 Qb7 32. Qxh6 c2 33. e4 f4 34. Qe6+
Rf7 35. exd5 Qc7 36. Qc6 Qa5 37. e6 Rc7 38. Qe8+ Kh7 39. Qh5+ Kg8 40. Qe8+ Kh7
1/2-1/2

[Event "4NCL Division 2c"]
[Site "Telford, ENG"]
[Date "2019.05.05"]
[Round "10.13"]
[White "House, Glenn L"]
[Black "Siddharth, Jagadeesh"]
[Result "1-0"]
[WhiteElo "2224"]
[BlackElo "2132"]
[PlyCount "103"]
[EventDate "2019.05.05"]
[WhiteTeam "Spirit of Atticus A"]
[BlackTeam "Cambridge University 1"]

1. Nf3 c5 2. g3 Nc6 3. Bg2 g6 4. O-O Bg7 5. d3 d5 6. Nbd2 Nf6 7. e4 O-O 8. Re1
e5 9. exd5 Nxd5 10. Nc4 Re8 11. a4 b6 12. c3 f6 13. Nfd2 Be6 14. Ne4 Qe7 15. a5
Rad8 16. Qa4 Qc7 17. axb6 axb6 18. Qb5 h6 19. Ra6 Na7 20. Qa4 Nc8 21. Ra8 Kh7
22. Qc2 Rd7 23. Ra1 Red8 24. Kh1 Nde7 25. f4 Rxd3 26. fxe5 fxe5 27. Ne3 Nf5 28.
Nf1 R3d7 29. Be3 Ncd6 30. Bg1 Nxe4 31. Bxe4 Bd5 32. Qg2 Bxe4 33. Qxe4 Nd6 34.
Qd5 e4 35. Ne3 Re7 36. Rad1 Re5 37. Qd2 Qc6 38. Qg2 Rde8 39. g4 Nf7 40. h4 R5e6
41. Bh2 Be5 42. Rf1 Kg7 43. h5 Bxh2 44. hxg6 Rxg6 45. Qxh2 Ne5 46. Qf4 Nf3 47.
Rd6 Rxd6 48. Nf5+ Kg8 49. Nxd6 Re7 50. Qf6 Rg7 51. Qe6+ Kh8 52. Nf7+ 1-0

[Event "4NCL Division 2c"]
[Site "Telford, ENG"]
[Date "2019.05.05"]
[Round "10.14"]
[White "Robertson, J Stuart"]
[Black "Lund, D Brett"]
[Result "0-1"]
[WhiteElo "2165"]
[BlackElo "2257"]
[PlyCount "66"]
[EventDate "2019.05.05"]
[WhiteTeam "Cambridge University 1"]
[BlackTeam "Spirit of Atticus A"]

1. d4 Nf6 2. c4 c5 3. d5 e5 4. Nc3 d6 5. e4 Be7 6. h3 h5 7. Nf3 h4 8. Be3 Nbd7
9. Qd2 Nf8 10. Bd3 Ng6 11. a3 Nh5 12. Ne2 a5 13. O-O-O Bd7 14. g4 Nf6 15. Nc3
a4 16. Kb1 O-O 17. Ne1 Nh7 18. Nf3 Qb8 19. Rc1 Bd8 20. Qc2 Nf6 21. Rcg1 Ne8 22.
Ne1 Nc7 23. Qe2 b5 24. cxb5 Ra5 25. b6 Qxb6 26. Ng2 Be7 27. Rc1 Rb8 28. Ka1 Bb5
29. Bxb5 Nxb5 30. Rb1 Nd4 31. Qc4 Nc2+ 32. Ka2 Qb3+ 33. Qxb3 axb3# 0-1

[Event "4NCL Division 2c"]
[Site "Telford, ENG"]
[Date "2019.05.05"]
[Round "10.15"]
[White "Ivell, Nicholas W"]
[Black "Lee, Richard W Y"]
[Result "1/2-1/2"]
[WhiteElo "2198"]
[BlackElo "2130"]
[PlyCount "53"]
[EventDate "2019.05.05"]
[WhiteTeam "Spirit of Atticus A"]
[BlackTeam "Cambridge University 1"]

1. e4 e6 2. d4 d5 3. exd5 exd5 4. Nf3 Nf6 5. Bd3 Bd6 6. Qe2+ Qe7 7. Qxe7+ Kxe7
8. O-O Re8 9. Re1+ Kf8 10. Rxe8+ Kxe8 11. Nc3 c6 12. Bd2 Na6 13. Re1+ Kf8 14.
a3 Nc7 15. Na4 Ne6 16. g3 b5 17. Nc3 a5 18. Na2 h6 19. h4 Nd7 20. Nc1 Nb6 21.
Nb3 a4 22. Nc1 Nc4 23. Bc3 Bd7 24. Na2 Be8 25. Nb4 Rc8 26. Kg2 Bd7 27. Re2
1/2-1/2

[Event "4NCL Division 2c"]
[Site "Telford, ENG"]
[Date "2019.05.05"]
[Round "10.16"]
[White "Hill, Alistair"]
[Black "Jackson, Sheila"]
[Result "1-0"]
[WhiteElo "2199"]
[BlackElo "2051"]
[PlyCount "85"]
[EventDate "2019.05.05"]
[WhiteTeam "Cambridge University 1"]
[BlackTeam "Spirit of Atticus A"]

1. c4 e5 2. g3 Nf6 3. Bg2 Nc6 4. Nc3 Bb4 5. Nd5 Bc5 6. e3 d6 7. Ne2 Bg4 8. h3
Bf5 9. d4 Bb6 10. b4 exd4 11. exd4 Nxd5 12. cxd5 Ne7 13. Bg5 h6 14. Bxe7 Qxe7
15. O-O O-O 16. a4 a5 17. b5 Be4 18. Nc3 Bxg2 19. Kxg2 Qf6 20. Ne2 Rfe8 21. Qd3
Re7 22. Rad1 Rae8 23. Nc3 h5 24. h4 g6 25. Rd2 Kg7 26. Rfd1 Kf8 27. Qf3 Qxf3+
28. Kxf3 Re1 29. Rd3 Rxd1 30. Rxd1 Kg7 31. Ne2 Re7 32. Rd3 Kf6 33. Re3 Rxe3+
34. fxe3 Ke7 35. Kf4 Kf6 36. Nc1 Kg7 37. Nd3 f6 38. Nb2 c6 39. Nc4 Bc7 40. b6
Bd8 41. dxc6 bxc6 42. b7 Bc7 43. Nxa5 1-0

[Event "4NCL Division 2c"]
[Site "Telford, ENG"]
[Date "2019.05.05"]
[Round "10.17"]
[White "Ackley, Peter J E"]
[Black "Starley, Robert"]
[Result "1/2-1/2"]
[WhiteElo "2017"]
[BlackElo "2045"]
[PlyCount "108"]
[EventDate "2019.05.05"]
[WhiteTeam "Spirit of Atticus A"]
[BlackTeam "Cambridge University 1"]

1. c4 e5 2. g3 Nc6 3. Nc3 f5 4. Nf3 e4 5. Nh4 Nge7 6. d3 exd3 7. Qxd3 g6 8. Nf3
Bg7 9. Bg2 d6 10. O-O Be6 11. b3 Qd7 12. e3 O-O-O 13. Bb2 Ne5 14. Nxe5 dxe5 15.
Qxd7+ Rxd7 16. Rfd1 Rhd8 17. Kf1 e4 18. Rxd7 Rxd7 19. Rd1 Nc6 20. Rxd7 Kxd7 21.
f3 exf3 22. Bxf3 b6 23. Bxc6+ Kxc6 24. Ke2 a6 25. Kd3 b5 26. cxb5+ axb5 27. Ba3
Kb6 28. Be7 c5 29. Ne2 c4+ 30. Kc2 Bd5 31. Nd4 Bh6 32. Kd2 c3+ 33. Kxc3 Bxe3
34. Bd6 Bg1 35. h4 Bf2 36. Nc2 Kc6 37. Bb8 Be4 38. Nd4+ Kb7 39. Be5 Be1+ 40.
Kb2 Kb6 41. Ne6 h6 42. Nf8 g5 43. hxg5 hxg5 44. Ne6 g4 45. Bf4 Bf2 46. b4 Bd5
47. Nc5 Bd4+ 48. Kb1 Bc3 49. a3 Be4+ 50. Kc1 Kc6 51. Bd2 Bxd2+ 52. Kxd2 Kd5 53.
a4 bxa4 54. Nxa4 Kc6 1/2-1/2

[Event "4NCL Division 2c"]
[Site "Telford, ENG"]
[Date "2019.05.05"]
[Round "10.18"]
[White "Chan, Nevil"]
[Black "Latham, David"]
[Result "1/2-1/2"]
[WhiteElo "2026"]
[BlackElo "2080"]
[PlyCount "24"]
[EventDate "2019.05.05"]
[WhiteTeam "Cambridge University 1"]
[BlackTeam "Spirit of Atticus A"]

1. d4 d5 2. Nc3 c6 3. Bg5 Bf5 4. e3 Nd7 5. Bd3 Bg6 6. Nge2 Ngf6 7. Nf4 e5 8.
Nxg6 hxg6 9. dxe5 Nxe5 10. Be2 Qc7 11. h3 Bb4 12. Bf4 Bd6 1/2-1/2

[Event "4NCL Division 2c"]
[Site "Telford, ENG"]
[Date "2019.05.05"]
[Round "10.21"]
[White "Lewis, Andrew P"]
[Black "Rogers, Jonathan W"]
[Result "0-1"]
[WhiteElo "2320"]
[BlackElo "2330"]
[PlyCount "70"]
[EventDate "2019.05.05"]
[WhiteTeam "Anglian Avengers"]
[BlackTeam "Barbican 4NCL 2"]

1. Nf3 d5 2. c4 e6 3. g3 c6 4. Bg2 Bd6 5. b3 Qe7 6. Bb2 f5 7. O-O Nd7 8. Nc3
Nh6 9. d3 O-O 10. e4 dxe4 11. dxe4 f4 12. e5 Nxe5 13. Ne4 Nxf3+ 14. Bxf3 Bc7
15. g4 e5 16. h3 Be6 17. Qe2 Nf7 18. Kg2 Rae8 19. a4 c5 20. a5 Ng5 21. Ba3 Nxe4
22. Qxe4 Bf7 23. Rfe1 Bxa5 24. Re2 Bc3 25. Rd1 b6 26. Rd3 Bg6 27. Qd5+ Kh8 28.
Rxc3 e4 29. Kh2 Qc7 30. Rxe4 Bxe4 31. Bxe4 f3+ 32. Kg1 Rd8 33. Rxf3 Rxf3 34.
Bxf3 Rxd5 35. cxd5 Qe5 0-1

[Event "4NCL Division 2c"]
[Site "Telford, ENG"]
[Date "2019.05.05"]
[Round "10.22"]
[White "Sowray, Peter J"]
[Black "Moore, Graham J"]
[Result "0-1"]
[WhiteElo "2356"]
[BlackElo "2241"]
[PlyCount "108"]
[EventDate "2019.05.05"]
[WhiteTeam "Barbican 4NCL 2"]
[BlackTeam "Anglian Avengers"]

1. e4 e6 2. d4 d5 3. exd5 exd5 4. Nf3 Bd6 5. c4 Nf6 6. Nc3 O-O 7. cxd5 Nbd7 8.
Be2 Nb6 9. Bg5 Be7 10. Bxf6 Bxf6 11. Qb3 Bg4 12. Rd1 Qd6 13. O-O Rad8 14. Rfe1
Rfe8 15. Nb5 Qxd5 16. Nxc7 Qxb3 17. axb3 Re7 18. Nb5 a6 19. Nc3 Bf5 20. Rd2 g5
21. h3 h5 22. Ra1 g4 23. hxg4 hxg4 24. Nh2 Bg5 25. Rdd1 Bc2 26. Rf1 f5 27. Ra5
Bd2 28. Bc4+ Nxc4 29. bxc4 Rxd4 30. Rc5 Bd3 31. Nd5 Rf7 32. Ne3 Bxe3 33. fxe3
Rxc4 34. Rxc4 Bxc4 35. Rf2 Bd3 36. Nf1 Bxf1 37. Kxf1 Kg7 38. Rd2 Kg6 39. Rd4
Kg5 40. Ke1 Re7 41. Kf2 Re4 42. Rd3 Rb4 43. b3 Rb5 44. Kg3 Rc5 45. Rd7 Rb5 46.
Rd3 Re5 47. Kf2 b5 48. Rd6 a5 49. Ra6 b4 50. Rc6 Rd5 51. Ra6 Rc5 52. Ra8 Rc2+
53. Kf1 Ra2 54. Ra7 a4 0-1

[Event "4NCL Division 2c"]
[Site "Telford, ENG"]
[Date "2019.05.05"]
[Round "10.23"]
[White "Walker, Martin G"]
[Black "Navarro Cia, Miguel"]
[Result "1/2-1/2"]
[WhiteElo "2166"]
[BlackElo "2255"]
[PlyCount "56"]
[EventDate "2019.05.05"]
[WhiteTeam "Anglian Avengers"]
[BlackTeam "Barbican 4NCL 2"]

1. e4 Nf6 2. e5 Nd5 3. d4 d6 4. c4 Nb6 5. f4 g6 6. Nc3 Bg7 7. Be3 Be6 8. b3 O-O
9. Nf3 c5 10. dxc5 N6d7 11. cxd6 exd6 12. Qxd6 Nxe5 13. Qxd8 Nxf3+ 14. gxf3
Rxd8 15. Rc1 Nc6 16. Kf2 Nb4 17. Be2 Bf5 18. Nd5 Nxd5 19. cxd5 Rxd5 20. Rc7 Bf6
21. Bc4 Bh4+ 22. Ke2 Rd7 23. Rxd7 Bxd7 24. Rd1 Bc6 25. a4 a6 26. Bd5 Bxd5 27.
Rxd5 Rd8 28. Rxd8+ Bxd8 1/2-1/2

[Event "4NCL Division 2c"]
[Site "Telford, ENG"]
[Date "2019.05.05"]
[Round "10.24"]
[White "French, Max"]
[Black "Lindner, Daniel"]
[Result "1/2-1/2"]
[WhiteElo "2228"]
[BlackElo "2217"]
[PlyCount "34"]
[EventDate "2019.05.05"]
[WhiteTeam "Barbican 4NCL 2"]
[BlackTeam "Anglian Avengers"]

1. d4 d5 2. c4 e6 3. Nc3 Bb4 4. Nf3 Nf6 5. Bg5 h6 6. Bxf6 Qxf6 7. e3 O-O 8. Qb3
Bxc3+ 9. Qxc3 c6 10. Bd3 Nd7 11. cxd5 exd5 12. O-O a5 13. b3 Re8 14. a3 b6 15.
b4 Bb7 16. Rab1 axb4 17. Qxb4 Ra7 1/2-1/2

[Event "4NCL Division 2c"]
[Site "Telford, ENG"]
[Date "2019.05.05"]
[Round "10.25"]
[White "Talsma, Paul"]
[Black "Russell, Christopher"]
[Result "1/2-1/2"]
[WhiteElo "2177"]
[BlackElo "2178"]
[PlyCount "75"]
[EventDate "2019.05.05"]
[WhiteTeam "Anglian Avengers"]
[BlackTeam "Barbican 4NCL 2"]

1. d4 e6 2. Nf3 Nf6 3. Bg5 h6 4. Bh4 d6 5. e3 Nbd7 6. c4 g5 7. Bg3 Bg7 8. Nc3
Nh5 9. Be2 Nxg3 10. hxg3 b6 11. Nd2 Bb7 12. Bf3 Bxf3 13. Qxf3 O-O 14. Rd1 e5
15. Qf5 exd4 16. exd4 Qe7+ 17. Nde4 Qe6 18. Qxe6 fxe6 19. O-O a6 20. Rfe1 Rae8
21. b3 Rf5 22. g4 Rf7 23. f3 Nb8 24. d5 Bxc3 25. Nxc3 e5 26. Ne4 Kg7 27. b4 Nd7
28. Rc1 Nf6 29. Nxf6 Kxf6 30. c5 dxc5 31. bxc5 b5 32. Red1 Rd7 33. d6 Re6 34.
Rd5 cxd6 35. Rcd1 Ke7 36. Kf2 e4 37. fxe4 Rxe4 38. Kf3 1/2-1/2

[Event "4NCL Division 2c"]
[Site "Telford, ENG"]
[Date "2019.05.05"]
[Round "10.26"]
[White "Brett, Andrew R"]
[Black "Cocks, Elliot"]
[Result "1/2-1/2"]
[WhiteElo "2114"]
[BlackElo "2080"]
[PlyCount "45"]
[EventDate "2019.05.05"]
[WhiteTeam "Barbican 4NCL 2"]
[BlackTeam "Anglian Avengers"]

1. c4 c5 2. Nc3 g6 3. g3 Bg7 4. Bg2 Nc6 5. e3 e5 6. Nge2 Nge7 7. O-O O-O 8. a3
d6 9. Rb1 a5 10. d3 Kh8 11. Nd5 Be6 12. Bd2 Rb8 13. Nec3 f5 14. f4 Bg8 15. Qe1
Nxd5 16. Nxd5 b5 17. Nc3 Na7 18. cxb5 Nxb5 19. Nxb5 Rxb5 20. a4 Rb3 21. Bxa5
Qd7 22. Bc3 Qxa4 23. Ra1 1/2-1/2

[Event "4NCL Division 2c"]
[Site "Telford, ENG"]
[Date "2019.05.05"]
[Round "10.27"]
[White "Peck, Silas"]
[Black "Leon Cazares, Gustavo"]
[Result "1-0"]
[WhiteElo "2065"]
[BlackElo "2082"]
[PlyCount "81"]
[EventDate "2019.05.05"]
[WhiteTeam "Anglian Avengers"]
[BlackTeam "Barbican 4NCL 2"]

1. e4 c5 2. Nf3 d6 3. d4 cxd4 4. Nxd4 Nf6 5. Nc3 g6 6. Be3 Bg7 7. f3 Nc6 8. Qd2
O-O 9. Bc4 Nd7 10. h4 Nb6 11. Bb3 Na5 12. Qd3 Nxb3 13. axb3 d5 14. Nde2 Be6 15.
O-O-O dxe4 16. Qxe4 Qc7 17. Nf4 Bxb3 18. cxb3 Bxc3 19. Bxb6 Bd2+ 20. Kxd2 Qxb6
21. Qe3 Qc6 22. Ke2 e6 23. Rd2 Rac8 24. Rhd1 Qb5+ 25. Kf2 Qf5 26. Ne2 e5 27.
Ng3 Qf6 28. Qg5 Qb6+ 29. Qe3 Qf6 30. h5 Rc6 31. h6 Rb6 32. Rd3 Rc8 33. Ne4 Qh4+
34. Kg1 Qe7 35. Qg5 f6 36. Rd7 Qf8 37. Qd2 Re6 38. Qd5 Rce8 39. Nc5 Qxh6 40.
Nxe6 Qe3+ 41. Kf1 1-0

[Event "4NCL Division 2c"]
[Site "Telford, ENG"]
[Date "2019.05.05"]
[Round "10.28"]
[White "Makepeace, Philip J"]
[Black "Sheerin, Alex"]
[Result "1-0"]
[WhiteElo "2063"]
[BlackElo "2027"]
[PlyCount "47"]
[EventDate "2019.05.05"]
[WhiteTeam "Barbican 4NCL 2"]
[BlackTeam "Anglian Avengers"]

1. e4 d6 2. d4 Nf6 3. Nc3 Nbd7 4. Nf3 e5 5. Be2 Be7 6. O-O c6 7. a4 Qc7 8. h3
h6 9. Be3 O-O 10. Qd3 Rd8 11. Nh4 Nf8 12. Nf5 Ng6 13. Nxe7+ Qxe7 14. f4 exf4
15. Bxf4 Re8 16. Rae1 Nxe4 17. Nxe4 Qxe4 18. Bxd6 Qd5 19. Bf3 Rxe1 20. Bxd5
Rxf1+ 21. Qxf1 cxd5 22. Qb5 Bf5 23. c4 dxc4 24. Qxf5 1-0

[Event "4NCL Division 2c"]
[Site "Telford, ENG"]
[Date "2019.05.05"]
[Round "10.31"]
[White "Harakis, Alexis M"]
[Black "Wall, Gavin"]
[Result "1/2-1/2"]
[WhiteElo "2286"]
[BlackElo "2312"]
[PlyCount "28"]
[EventDate "2019.05.05"]
[WhiteTeam "KJCA Kings"]
[BlackTeam "Gonzaga"]

1. Nf3 d6 2. d4 f5 3. Nc3 Nf6 4. Qd3 g6 5. e4 fxe4 6. Nxe4 Bg7 7. Nxf6+ exf6 8.
h4 Nc6 9. d5 Qe7+ 10. Be3 Ne5 11. Nxe5 Qxe5 12. O-O-O O-O 13. h5 Bf5 14. Qd4
Qxd4 1/2-1/2

[Event "4NCL Division 2c"]
[Site "Telford, ENG"]
[Date "2019.05.05"]
[Round "10.32"]
[White "Delaney, Killian"]
[Black "Golding, James"]
[Result "1-0"]
[WhiteElo "2234"]
[BlackElo "2137"]
[PlyCount "81"]
[EventDate "2019.05.05"]
[WhiteTeam "Gonzaga"]
[BlackTeam "KJCA Kings"]

1. c4 e6 2. Nc3 d5 3. e3 Nf6 4. Nf3 Be7 5. b3 O-O 6. Bb2 b6 7. Qc2 Bb7 8. d4 c5
9. dxc5 Bxc5 10. cxd5 Nxd5 11. Nxd5 Bxd5 12. Bd3 Bb4+ 13. Ke2 h6 14. e4 Bb7 15.
a3 Be7 16. Rhd1 Qe8 17. Rac1 Nc6 18. Qc3 Bf6 19. e5 Be7 20. Bb5 Rc8 21. Qd3 Rc7
22. Qe4 Qc8 23. Bd3 g6 24. Qf4 Kg7 25. b4 Rd8 26. Be4 Ba6+ 27. Ke1 Rxd1+ 28.
Rxd1 Bb5 29. h4 Nxb4 30. axb4 Bxb4+ 31. Nd2 Rd7 32. Bxg6 Bxd2+ 33. Rxd2 fxg6
34. Qf6+ Kh7 35. Qxe6 Rc7 36. Qd6 Qb7 37. f3 Qc6 38. Qxc6 Bxc6 39. e6 Be8 40.
Bf6 Rc8 41. Rd7+ 1-0

[Event "4NCL Division 2c"]
[Site "Telford, ENG"]
[Date "2019.05.05"]
[Round "10.33"]
[White "Jamroz, Krzysztof"]
[Black "McPhillips, Karl"]
[Result "0-1"]
[WhiteElo "2117"]
[BlackElo "2243"]
[PlyCount "34"]
[EventDate "2019.05.05"]
[WhiteTeam "KJCA Kings"]
[BlackTeam "Gonzaga"]

1. e4 c5 2. c3 e5 3. Nf3 Nc6 4. Bc4 Qc7 5. O-O Be7 6. Qe2 d6 7. Rd1 Bg4 8. h3
Bh5 9. d3 Nf6 10. Nbd2 O-O 11. d4 Rad8 12. Nf1 d5 13. Bb3 c4 14. exd5 cxb3 15.
Qe3 Na5 16. Bd2 e4 17. g4 Bg6 {Unable to read scoresheets.} 0-1

[Event "4NCL Division 2c"]
[Site "Telford, ENG"]
[Date "2019.05.05"]
[Round "10.34"]
[White "Jessel, Stephen"]
[Black "Ratnesan, Ranesh"]
[Result "1-0"]
[WhiteElo "2307"]
[BlackElo "2116"]
[PlyCount "253"]
[EventDate "2019.05.05"]
[WhiteTeam "Gonzaga"]
[BlackTeam "KJCA Kings"]

1. Nf3 d5 2. c4 d4 3. b4 f6 4. Na3 e5 5. Nc2 c5 6. bxc5 Bxc5 7. d3 Nc6 8. g3
Nge7 9. Bg2 O-O 10. O-O b6 11. Nd2 Bd7 12. Ne4 Qc7 13. Rb1 Rab8 14. Qd2 Rfc8
15. Ba3 Bxa3 16. Nxa3 a6 17. Rfc1 f5 18. Ng5 Qd6 19. Nc2 a5 20. Rb3 Na7 21. f4
e4 22. dxe4 Rxc4 23. Ne1 Bb5 24. Rxb5 Rxc1 25. Qxc1 Rc8 26. Qb2 Nxb5 27. Qb3+
Nd5 28. Qxb5 Ne3 29. Qb3+ Rc4 30. exf5 Qb4 31. Qxb4 Rxb4 32. Nd3 Ra4 33. Ne6 h5
34. Bc6 Rc4 35. Bb5 Rc2 36. Nxd4 Rxa2 37. Kf2 Ng4+ 38. Kf3 Ra1 39. h3 Rf1+ 40.
Ke4 Nf6+ 41. Ke5 Rg1 42. g4 hxg4 43. hxg4 Nxg4+ 44. Kd6 Ne3 45. Kc6 Kf7 46.
Kxb6 Kf6 47. Kxa5 Nxf5 48. Nxf5 Kxf5 49. Bc6 Rb1 50. Bf3 Kf6 51. Ka4 g5 52.
fxg5+ Kxg5 53. Ka3 Rb8 54. Ka2 Kf5 55. Nb2 Ke5 56. Kb1 Kd4 57. Kc2 Ke3 58. Nd1+
Kf4 59. Kd2 Rd8+ 60. Ke1 Rc8 61. Kf2 Rc2 62. Ne3 Ra2 63. Ng2+ Ke5 64. Kg3 Ra4
65. Ne1 Ra7 66. Kf2 Ra3 67. Nd3+ Kd4 68. Nb4 Ke5 69. e3 Rb3 70. Nc6+ Kd6 71.
Be4 Rb2+ 72. Kf3 Rb7 73. Ne5 Rb8 74. Ng6 Ke6 75. Kf4 Rb5 76. Nh4 Kf6 77. Bf5
Rc5 78. e4 Ra5 79. Ng6 Ra4 80. Ne5 Ra1 81. Ng4+ Ke7 82. Ne3 Ra4 83. Ke5 Kf7 84.
Be6+ Ke8 85. Nd5 Rxe4+ 86. Kxe4 Kf8 87. Kf5 Kg7 88. Kg5 Kh7 89. Kf6 Kh6 90. Bf5
Kh5 91. Nc3 Kh4 92. Ne4 Kh5 93. Be6 Kh4 94. Kf5 Kh5 95. Bf7+ Kh4 96. Kf4 Kh3
97. Kf3 Kh4 98. Bg6 Kh3 99. Ng3 Kh4 100. Kf4 Kh3 101. Be4 Kh4 102. Bf3 Kh3 103.
Nf5 Kh2 104. Kg4 Kg1 105. Kg3 Kf1 106. Ne3+ Ke1 107. Nc4 Kf1 108. Bg4 Ke1 109.
Kf4 Kf2 110. Bf3 Kf1 111. Ke3 Ke1 112. Ne5 Kf1 113. Nd3 Kg1 114. Nf4 Kh2 115.
Ne2 Kh3 116. Kf4 Kh4 117. Nd4 Kh3 118. Nf5 Kh2 119. Nd6 Kh3 120. Ne4 Kh4 121.
Be2 Kh3 122. Kg5 Kg2 123. Kg4 Kh2 124. Bf1 Kg1 125. Bh3 Kh2 126. Ng5 Kg1 127.
Kg3 1-0

[Event "4NCL Division 2c"]
[Site "Telford, ENG"]
[Date "2019.05.05"]
[Round "10.35"]
[White "Royal, Shreyas"]
[Black "Thorarinsson, Pall A"]
[Result "0-1"]
[WhiteElo "1943"]
[BlackElo "2246"]
[PlyCount "136"]
[EventDate "2019.05.05"]
[WhiteTeam "KJCA Kings"]
[BlackTeam "Gonzaga"]

1. d4 Nf6 2. c4 e6 3. Nc3 Bb4 4. e3 c5 5. Nge2 cxd4 6. exd4 d5 7. a3 Be7 8. Nf4
O-O 9. Be3 dxc4 10. Bxc4 Nc6 11. O-O e5 12. dxe5 Nxe5 13. Bb3 Neg4 14. Qf3 Nxe3
15. fxe3 Qb6 16. Ba2 Qxb2 17. Nfd5 Nxd5 18. Nxd5 Bd6 19. Nb4 Qe5 20. h3 Qh2+
21. Kf2 Bxb4 22. axb4 Qe5 23. Kg1 Be6 24. Bxe6 Qxe6 25. Qxb7 Qxe3+ 26. Kh1 Rab8
27. Qxa7 Qxa7 28. Rxa7 Rxb4 29. Rfa1 h5 30. Ra8 h4 31. Rxf8+ Kxf8 32. Kg1 Rf4
33. Re1 g6 34. Re3 Kg7 35. g3 hxg3 36. Kg2 Kf6 37. Kxg3 Kg5 38. Re8 Ra4 39. Re3
f5 40. Rb3 Rc4 41. Ra3 Kh5 42. Ra8 Rc3+ 43. Kf4 Rc4+ 44. Kg3 Rc3+ 45. Kf4 g5+
46. Kxf5 Rf3+ 47. Ke4 Rxh3 48. Kf5 Rf3+ 49. Ke4 Kg4 50. Rg8 Rf7 51. Ke3 Kh4 52.
Ke2 g4 53. Ra8 Kh3 54. Rh8+ Kg2 55. Rg8 Re7+ 56. Kd2 g3 57. Rg6 Kf2 58. Rf6+
Kg1 59. Rg6 g2 60. Kd3 Re5 61. Kd4 Re8 62. Kd3 Rh8 63. Ke2 Kh2 64. Kf2 Rf8+ 65.
Ke2 g1=Q 66. Rh6+ Kg2 67. Rg6+ Kh1 68. Rh6+ Qh2+ 0-1